MARC details
| 000 -CABECERA |
| campo de control de longitud fija |
02969cam a2200301 i 4500 |
| 001 - NÚMERO DE CONTROL |
| campo de control |
991107322964906196 |
| 005 - FECHA Y HORA DE LA ÚLTIMA TRANSACCIÓN |
| campo de control |
20260514173141.0 |
| 008 - DATOS DE LONGITUD FIJA--INFORMACIÓN GENERAL |
| campo de control de longitud fija |
211211s2023 nyua 001 0 eng d |
| 020 ## - NÚMERO INTERNACIONAL ESTÁNDAR DEL LIBRO |
| Número Internacional Estándar del Libro |
9781265074159 |
| Información calificativa |
(paperback) |
| 035 ## - NÚMERO DE CONTROL DEL SISTEMA |
| Número de control de sistema |
(OCoLC)1288197010 |
| Número de control cancelado/no válido |
(OCoLC)1288136604 |
| -- |
(OCoLC)1288167744 |
| -- |
(OCoLC)1393132227 |
| 035 ## - NÚMERO DE CONTROL DEL SISTEMA |
| Número de control de sistema |
(OCoLC)on1288197010 |
| 040 ## - FUENTE DE LA CATALOGACIÓN |
| Centro catalogador/agencia de origen |
YDX |
| Lengua de catalogación |
eng |
| Normas de descripción |
rda |
| Centro/agencia transcriptor |
YDX |
| Centro/agencia modificador |
NLHHG |
| -- |
OCLCQ |
| -- |
GRU |
| -- |
U3W |
| -- |
OCLCF |
| -- |
YDX |
| -- |
RDF |
| -- |
OCLCO |
| -- |
OCLCL |
| -- |
YT1 |
| 050 #4 - SIGNATURA TOPOGRÁFICA DE LA BIBLIOTECA DEL CONGRESO |
| Número de clasificación |
HG4026 |
| Número de documento/Ítem |
.B667 2023 |
| 100 ## - ENTRADA PRINCIPAL--NOMBRE DE PERSONA |
| Nombre de persona |
Brealey, Richard A. |
| Término indicativo de función/relación |
author. |
| 9 (RLIN) |
20365 |
| 245 10 - MENCIÓN DE TÍTULO |
| Título |
Principles of corporate finance |
| Mención de responsabilidad, etc. |
/ Richard A. Brealey, Stewart C. Myers, Franklin Allen, Alex Edmans. |
| 250 ## - MENCIÓN DE EDICIÓN |
| Mención de edición |
Fourteenth edition, international student edition. |
| 264 #1 - PRODUCCIÓN, PUBLICACIÓN, DISTRIBUCIÓN, FABRICACIÓN Y COPYRIGHT |
| Producción, publicación, distribución, fabricación y copyright |
New York, NY : |
| Nombre del de productor, editor, distribuidor, fabricante |
McGraw Hill, |
| Fecha de producción, publicación, distribución, fabricación o copyright |
2023 |
| 300 ## - DESCRIPCIÓN FÍSICA |
| Extensión |
xxx, 1026 pages; |
| Otras características físicas |
illustrations ; |
| Dimensiones |
26 cm |
| 500 ## - NOTA GENERAL |
| Nota general |
Previous edition 2020. |
| 504 ## - NOTA DE BIBLIOGRAFÍA, ETC. |
| Nota de bibliografía, etc. |
Includes bibliography and index. |
| 520 ## - SUMARIO, ETC. |
| Sumario, etc. |
The latest edition in the Principles of Corporate Finance dynasty, the 14th edition continues in its tradition of showing how theory applies to the very practical problems and decisions faced by financial managers.<br/><br/>Looking at what financial managers do and why, the book aims to give readers a solid understanding of theory so that they know what questions to ask when times change and new problems need to be analyzed, eventually standing as a reference and a guide to help them make financial decisions, not just study them.<br/><br/>This new edition welcomes Alex Edmans to the author team, whose global authority and expertise in corporate governance, responsible business and behavioural finance have been invaluable in bolstering coverage of these topics. A new chapter is entirely dedicated to the subject of balancing shareholder value with promoting the interests of all stakeholders, the potential conflicts inherent in this, and how a responsible business should behave.<br/><br/>There have been several changes to chapter structure as well as expanded discussion of issues that have grown in importance since the previous edition including behavioural finance, and financial innovation driven by AI, big data and cloud computing. It has also grown to take a more international focus, to bring in more information and perspectives on major developing economies such as China and India, and looking at how financing and governance systems differ around the world.<br/><br/>The new edition retains and builds on the pedagogical features of previous editions, with new chapter content summaries, new self-test questions interspersed at key points, and a raft of 'Beyond the page' examples available online through links in the text. |
| 630 #0 - PUNTO DE ACCESO ADICIONAL DE MATERIA--TÍTULO UNIFORME |
| Título uniforme |
MSc International Business |
| 9 (RLIN) |
26977 |
| 650 #0 - PUNTO DE ACCESO ADICIONAL DE MATERIA--TÉRMINO DE MATERIA |
| Término de materia o nombre geográfico como elemento de entrada |
Corporations |
| Subdivisión general |
Finance |
| 9 (RLIN) |
378 |
| 700 ## - ENTRADA AGREGADA--NOMBRE PERSONAL |
| Nombre de persona |
Myers, Stewart C. |
| Término indicativo de función/relación |
author. |
| 9 (RLIN) |
24040 |
| 700 ## - ENTRADA AGREGADA--NOMBRE PERSONAL |
| Nombre de persona |
Allen, Franklin |
| Fechas asociadas al nombre |
1956- |
| Término indicativo de función/relación |
author. |
| URI de un objeto del mundo real |
https://id.oclc.org/worldcat/entity/E39PBJjMwB8JpYFGvqhH6fY773 |
| 9 (RLIN) |
24041 |
| 700 ## - ENTRADA AGREGADA--NOMBRE PERSONAL |
| Nombre de persona |
Edmans, Alex |
| Término indicativo de función/relación |
author. |
| 9 (RLIN) |
25205 |
| 942 ## - ELEMENTOS DE ENTRADA AGREGADA (KOHA) |
| Fuente del sistema de clasificación o colocación |
Clasificación de Library of Congress |